Физическая и коллоидная химия: учебное пособие
| Hlavní autor: | |
|---|---|
| Korporativní autor: | |
| Další autoři: | |
| Shrnutí: | Заглавие с титульного экрана Пособие состоит из 12 глав по основным разделам дисциплины, в каждой главе приведены решения типовых задач и вопросы для самоконтроля. Предназначено для студентов геологических и нефтяных специальностей и направлений. Режим доступа: из корпоративной сети ТПУ |
| Jazyk: | ruština |
| Vydáno: |
Томск, Изд-во ТПУ, 2012
|
| Vydání: | 2-е изд. |
| Témata: | |
| On-line přístup: | http://www.lib.tpu.ru/fulltext2/m/2013/m083.pdf |
| Médium: | Elektronický zdroj Kniha |
| KOHA link: | https://koha.lib.tpu.ru/cgi-bin/koha/opac-detail.pl?biblionumber=235199 |
MARC
| LEADER | 00000nlm0a2200000 4500 | ||
|---|---|---|---|
| 001 | 235199 | ||
| 005 | 20240127150442.0 | ||
| 035 | |a (RuTPU)RU\TPU\book\256329 | ||
| 090 | |a 235199 | ||
| 100 | |a 20130405d2012 m y0rusy50 ca | ||
| 101 | 0 | |a rus | |
| 102 | |a RU | ||
| 105 | |a a j 001zy | ||
| 135 | |a drgn ---uucaa | ||
| 181 | 0 | |a i | |
| 182 | 0 | |a b | |
| 200 | 1 | |a Физическая и коллоидная химия |e учебное пособие |f Е. В. Михеева, Н. П. Пикула |g Национальный исследовательский Томский политехнический университет (ТПУ), Институт природных ресурсов (ИПР), Кафедра физической и аналитической химии (ФАХ) | |
| 203 | |a Текст |c электронный | ||
| 205 | |a 2-е изд. | ||
| 210 | |a Томск |c Изд-во ТПУ |d 2012 | ||
| 300 | |a Заглавие с титульного экрана | ||
| 330 | |a Пособие состоит из 12 глав по основным разделам дисциплины, в каждой главе приведены решения типовых задач и вопросы для самоконтроля. Предназначено для студентов геологических и нефтяных специальностей и направлений. | ||
| 333 | |a Режим доступа: из корпоративной сети ТПУ | ||
| 337 | |a Adobe Reader | ||
| 451 | 1 | |0 (RuTPU)RU\TPU\book\207238 |t Физическая и коллоидная химия |o учебное пособие |f Е. В. Михеева, Н. П. Пикула |g Национальный исследовательский Томский политехнический университет (ТПУ) |c Томск |n Изд-во ТПУ |d 2010 |a Михеева, Елена Валентиновна | |
| 606 | 1 | |a Физическая химия |2 stltpush |3 (RuTPU)RU\TPU\subj\67669 |9 83390 | |
| 606 | 1 | |a Коллоидная химия |2 stltpush |3 (RuTPU)RU\TPU\subj\68635 |9 83831 | |
| 610 | 1 | |a электронный ресурс | |
| 610 | 1 | |a учебные пособия | |
| 610 | 1 | |a труды учёных ТПУ | |
| 610 | 1 | |a химическая термодинамика | |
| 610 | 1 | |a химическое равновесие | |
| 610 | 1 | |a фазовое равновесие | |
| 610 | 1 | |a растворы | |
| 610 | 1 | |a электрохимия | |
| 610 | 1 | |a химическая кинетика | |
| 610 | 1 | |a катализ | |
| 610 | 1 | |a дисперсные системы | |
| 610 | 1 | |a поверхностные явления | |
| 610 | 1 | |a адсорбция | |
| 610 | 1 | |a электрические свойства | |
| 610 | 1 | |a коагуляция | |
| 675 | |a 544(075.8) |v 3 | ||
| 675 | |a 544.7(075.8) |v 3 | ||
| 700 | 1 | |a Михеева |b Е. В. |c химик |c доцент Томского политехнического университета, кандидат химических наук |f 1973- |g Елена Валентиновна |3 (RuTPU)RU\TPU\pers\27493 |9 12747 | |
| 701 | 1 | |a Пикула |b Н. П. |c химик |c доцент Томского политехнического университета, кандидат химических наук |f 1949- |g Нина Павловна |3 (RuTPU)RU\TPU\pers\25622 |9 11551 | |
| 712 | 0 | 2 | |a Национальный исследовательский Томский политехнический университет (ТПУ) |b Институт природных ресурсов (ИПР) |b Кафедра физической и аналитической химии (ФАХ) |3 (RuTPU)RU\TPU\col\18656 |
| 801 | 1 | |a RU |b 63413507 |c 20130405 | |
| 801 | 2 | |a RU |b 63413507 |c 20130528 |g RCR | |
| 856 | 4 | |u http://www.lib.tpu.ru/fulltext2/m/2013/m083.pdf | |
| 942 | |c CF | ||